| 000 | 00407 a2200121 4500 | ||
|---|---|---|---|
| 001 | ART_37908 | ||
| 005 | 20260410161750.0 | ||
| 008 | 260409a | ||
| 245 | 1 | 0 | _aLa impugnación del gasto al agente de retención que omitió actuar como tal es un castigo |
| 100 | 1 | _aCaranta, Martín R. | |
| 700 | 1 | _aCantisano, Federico | |
| 773 | 0 |
_tDoctrina tributaria _g- Nº 430 (ene. 2016) _wREV4296 |
|
| 999 |
_c19631 _d19631 |
||